La justicia como legalidad. Estudios en homenaje a Luis Ortiz Quiroga
Uloženo v:
| Hlavní autor: | |
|---|---|
| Další autoři: | , |
| Médium: | Neznámo |
| Jazyk: | angličtina |
| Vydáno: |
Santiago, Chile
Thomson Reuters
2020
|
| Témata: | |
| Tagy: |
Přidat tag
Žádné tagy, Buďte první, kdo vytvoří štítek k tomuto záznamu!
|
MARC
| LEADER | 00000 a2200000 4500 | ||
|---|---|---|---|
| 003 | CL-VaPUC | ||
| 005 | 20240917104843.0 | ||
| 008 | 210107b ||||| |||| 00| 0 eng d | ||
| 999 | |c 432496 |d 432494 | ||
| 020 | |a 978-956-400-157-9 | ||
| 040 | |c Pontificia Universidad Católica de Valparaíso | ||
| 082 | 0 | 4 | |a 345 ACE 2020 |
| 100 | |a Acevedo Vega, Nicolás |e coordinador |9 859316 | ||
| 245 | |a La justicia como legalidad. |b Estudios en homenaje a Luis Ortiz Quiroga | ||
| 260 | |a Santiago, Chile |b Thomson Reuters |c 2020 | ||
| 300 | |a 999 páginas | ||
| 583 | |k Cristina Rojas |c 20210107 | ||
| 600 | |a Ortiz Quiroga, Luis |d 1934- |9 859508 | ||
| 650 | 1 | |a Derecho penal |9 11 |x Delitos | |
| 650 | 1 | |a Delitos tributarios |9 389324 |x Responsabilidad jurídica |x Responsabilidad penal | |
| 700 | |a Collado G., Rafael |9 859315 |e coordinador | ||
| 700 | |a Mañalich Raffo, Juan Pablo |e coordinador |9 859316 | ||
| 852 | |a BIBCUR | ||
| 942 | |2 ddc |c BK | ||
| 952 | |0 0 |1 0 |2 ddc |4 0 |6 345_000000000000000_ACE_2020 |7 0 |8 A |9 577445 |a BIBDER |b BIBDER |d 2021-01-07 |e 31 |g 0.00 |i 558194K |l 11 |m 5 |o 345 ACE 2020 |p 558194K |r 2024-11-28 |s 2024-11-22 |t 1 |v 0.00 |w 2021-01-07 |y BK |k DER | ||